| 000 | 00548nam a2200229Ia 4500 | ||
|---|---|---|---|
| 008 | 210210b2016 xxu||||| |||| 00| 0 eng d | ||
| 020 | _a9781876175702 | ||
| 041 | _aeng | ||
| 082 | _a918 GUEM | ||
| 100 | _aGUEVARA (Ernesto Che) | ||
| 245 | _aMotorcycle diaries: notes on a latin American journey | ||
| 260 |
_aAustralia _bOcean Press _c2016 |
||
| 300 | _a175 | ||
| 650 | _anotes | ||
| 650 | _aMotorcycle | ||
| 650 | _alatin | ||
| 650 | _ajourney | ||
| 650 | _adiaries | ||
| 650 | _aAmerican | ||
| 690 | _aTravel | ||
| 906 | _a073817 | ||
| 999 |
_c123564 _d123564 |
||